<?xml version="1.0" encoding="UTF-8"?>
<record
    xmlns:xsi="http://www.w3.org/2001/XMLSchema-instance"
    xsi:schemaLocation="http://www.loc.gov/MARC21/slim http://www.loc.gov/standards/marcxml/schema/MARC21slim.xsd"
    xmlns="http://www.loc.gov/MARC21/slim">

  <leader>01298nam a2200217 a 4500</leader>
  <controlfield tag="003">KPN</controlfield>
  <controlfield tag="005">20260427120826.0</controlfield>
  <controlfield tag="008">20260427b  00|  0  eng d</controlfield>
  <datafield tag="020" ind1=" " ind2=" ">
    <subfield code="a">9780099564638</subfield>
    <subfield code="c">RM31.90</subfield>
    <subfield code="q">paperback</subfield>
  </datafield>
  <datafield tag="040" ind1=" " ind2=" ">
    <subfield code="c">KPN</subfield>
  </datafield>
  <datafield tag="082" ind1="0" ind2="4">
    <subfield code="a">BI FD SIL 2011</subfield>
    <subfield code="2">23</subfield>
  </datafield>
  <datafield tag="090" ind1="2" ind2="0">
    <subfield code="b">BI FD SIL 2011</subfield>
  </datafield>
  <datafield tag="100" ind1="1" ind2=" ">
    <subfield code="a">Silver, Amy</subfield>
  </datafield>
  <datafield tag="245" ind1="1" ind2="0">
    <subfield code="a">One minute to midnight /</subfield>
    <subfield code="c">Amy Silver</subfield>
  </datafield>
  <datafield tag="260" ind1=" " ind2=" ">
    <subfield code="a">London :</subfield>
    <subfield code="b">Arrow Books,</subfield>
    <subfield code="c">2011</subfield>
  </datafield>
  <datafield tag="300" ind1=" " ind2=" ">
    <subfield code="a">407 pages ;</subfield>
    <subfield code="c">20cm.</subfield>
  </datafield>
  <datafield tag="521" ind1=" " ind2=" ">
    <subfield code="a">For many years, beginning when she was thirteen, Nicole Blake spent every new year with her three friends: Julian, her first love, Alex, her best friend, and Aidan, her obsession. Together the four had partied hard, suppported each other, and fallen in love. But then tragedy and betrayal tore the friends apart, and Nicole settled down to married life with Dom in London. But in the week running up to New Year's Eve 2011, Nicole and Dom are preparing for a trip to New York to meet up with Aidan and Alex for the first time in years. But with so much left unsaid and unresolved between them all, can they really return to their old friendship? And if they do, Nicole isn't sure she'll ever want to come home again.</subfield>
  </datafield>
  <datafield tag="650" ind1="1" ind2="0">
    <subfield code="a">Women in the mass media industry</subfield>
    <subfield code="v">Fiction</subfield>
  </datafield>
  <datafield tag="650" ind1="2" ind2="0">
    <subfield code="a">Interpersonal relations</subfield>
    <subfield code="v">Fiction</subfield>
  </datafield>
  <datafield tag="942" ind1=" " ind2=" ">
    <subfield code="2">ddc</subfield>
    <subfield code="c">1</subfield>
    <subfield code="n">0</subfield>
  </datafield>
  <datafield tag="999" ind1=" " ind2=" ">
    <subfield code="c">1833</subfield>
    <subfield code="d">1833</subfield>
  </datafield>
  <datafield tag="952" ind1=" " ind2=" ">
    <subfield code="0">0</subfield>
    <subfield code="1">0</subfield>
    <subfield code="2">ddc</subfield>
    <subfield code="4">0</subfield>
    <subfield code="7">0</subfield>
    <subfield code="8">F</subfield>
    <subfield code="a">KPN</subfield>
    <subfield code="b">KPN</subfield>
    <subfield code="c">FICA</subfield>
    <subfield code="d">2026-04-27</subfield>
    <subfield code="l">1</subfield>
    <subfield code="o">BI FD SIL 2011</subfield>
    <subfield code="p">KPN26040066</subfield>
    <subfield code="q">2026-06-01</subfield>
    <subfield code="r">2026-05-11</subfield>
    <subfield code="s">2026-05-11</subfield>
    <subfield code="w">2026-04-27</subfield>
    <subfield code="y">1</subfield>
  </datafield>
</record>
